MARC details
| 000 -LEADER |
| campo de control de longitud fija |
03079nim a2200457 i 4500 |
| 001 - NÚMERO DE CONTROL |
| campo de control |
197193 |
| 003 - IDENTIFICADOR DE NÚMERO DE CONTROL |
| campo de control |
ES-MaACL |
| 005 - FECHA Y HORA DE LA ÚLTIMA TRANSACCIÓN |
| campo de control |
20250828062555.0 |
| 007 - CAMPO FIJO DE DESCRIPCIÓN FÍSICA--INFORMACIÓN GENERAL |
| campo de control de longitud fija |
ss lsnjlcipnne |
| 008 - DATOS DE LONGITUD FIJA--INFORMACIÓN GENERAL |
| campo de control de longitud fija |
290425s1990 sp nnnn |||| 00| spa d |
| 040 ## - FUENTE DE CATALOGACIÓN |
| Lengua de catalogación |
spa |
| Centro/agencia transcriptor |
ES-MaACL |
| 245 00 - MENCIÓN DEL TÍTULO |
| Título |
Congreso Internacional sobre desigualdad social y reforma educativa |
| Medio |
[Grabación sonora] : |
| Resto del título |
días 27 y 28 de abril de 1990 |
| 260 ## - PUBLICACIÓN, DISTRIBUCIÓN, ETC. |
| Lugar de publicación, distribución, etc. |
Madrid : |
| Nombre del editor, distribuidor, etc. |
Ateneo de Madrid, |
| Fecha de publicación, distribución, etc. |
1990 |
| 300 ## - DESCRIPCIÓN FÍSICA |
| Extensión |
8 casetes (ca. 720 min) : |
| Otras características físicas |
son. ; |
| Dimensiones |
11 cm |
| 490 1# - MENCIÓN DE SERIE |
| Materiales especificados |
Actos culturales en el Ateneo de Madrid |
| 505 ## - NOTA DE CONTENIDO CON FORMATO |
| Nota de contenido con formato |
Cintas 1, 2, 3 y 4 contienen las conferencias: "Modelos educativos del ámbito occidental", con los ponentes Valérie Walkerdine, socióloga de Gran Bretaña, Claude Grignon, sociólogo de Francia y Alberto Moncada, sociólogo de España, y "Educar, ¿para qué?" con los ponentes Agustín García Calvo, catedrático de la Universidad Complutense de Madrid, Tomas Pollán, profesor de la Universidad Autónoma de Madrid, Isabel Escudero, profesor de la UNED y Miguel Cancio, sociólogo. <br/><br/>Cinta 5, 6 y 8 contienen la conferencia "Análisis critico de la reforma" con los ponentes Julio Valdeón, catedrático de la Universidad de Vall, Emilio Lledó, catedrático de la UNED, Xosé L. Méndez Ferrín, escritor y Blas Carrera, sociólogo de la Universidad de la Laguna. <br/><br/>Cinta 7 contiene la conferencia "Funciones sociales del sistema de enseñanza" con los ponentes Javier Sádaba, catedrático de la Universidad Autónoma de Madrid, Julia Varela, socióloga, Mariano Fernandez Enguita, sociólogo y Ignacio Fernández de Castro, sociólogo. |
| 518 ## - NOTA DE FECHA/HORA Y LUGAR DE UN ACONTECIMIENTO |
| Nota de fecha/hora y lugar de un acontecimiento |
Grabado el 27 y 28 de abril de 1990 en el Salón de Actos del Ateneo de Madrid. |
| 520 ## - RESUMEN, ETC. |
| Sumario, etc. |
Congreso Internacional sobre Desigualdad Social y Reforma Educativa. El día 27 de abril con las conferencias "Modelos educativos del ámbito occidental" y "Educar, ¿para qué?". El día 28 de abril con las presentaciones "Funciones sociales del sistema de enseñanza" y "Análisis critico de la reforma" |
| 540 ## - NOTA DE CONDICIONES DE USO Y REPRODUCCIÓN |
| Condiciones de uso y reproducción |
Documento inédito |
| 594 ## - Nota al título y mención de responsabilidad |
| a |
Datos tomados de invitación |
| 610 20 - PUNTO DE ACCESO ADICIONAL DE MATERIA--NOMBRE DE ENTIDAD CORPORATIVA |
| Nombre de entidad corporativa o nombre de jurisdicción como elemento de entrada |
Ateneo de Madrid- |
| Subdivisión general |
Actos culturales- |
| Subdivisión cronológica |
1990- |
| Subdivisión de forma |
Grabaciones sonoras |
| 9 (RLIN) |
240083 |
| 650 #7 - PUNTO DE ACCESO ADICIONAL DE MATERIA--TÉRMINO DE MATERIA |
| Término de materia o nombre geográfico como elemento de entrada |
Educación |
| Fuente del encabezamiento o término |
embne |
| 9 (RLIN) |
12073 |
| 653 ## - TÉRMINO DE INDIZACIÓN--NO CONTROLADO |
| Término no controlado |
Archivo de la palabra |
| 655 #0 - TERMINO DE INDIZACIÓN--GENERO/FORMA |
| Datos o término principal de género/forma |
Conferencias |
| 9 (RLIN) |
234444 |
| 700 1# - ENTRADA AGREGADA--NOMBRE PERSONAL |
| Nombre de persona |
García Calvo, Agustín, |
| Fechas asociadas al nombre |
1926-2012 |
| Término indicativo de función/relación |
Orador |
| 9 (RLIN) |
233841 |
| 700 1# - ENTRADA AGREGADA--NOMBRE PERSONAL |
| Nombre de persona |
Valérie Walkerdine |
| Término indicativo de función/relación |
Orador |
| 9 (RLIN) |
240240 |
| 700 0# - ENTRADA AGREGADA--NOMBRE PERSONAL |
| 9 (RLIN) |
92840 |
| Nombre de persona |
Pollán, Tomás |
| Término indicativo de función/relación |
Orador |
| 710 2# - ENTRADA AGREGADA--NOMBRE DE ENTIDAD CORPORATIVA |
| Nombre de entidad corporativa o nombre de jurisdicción como elemento de entrada |
Ateneo de Madrid |
| Término indicativo de función/relación |
Sede |
| 9 (RLIN) |
1875 |
| 830 #0 - PUNTO DE ACCESO ADICIONAL DE SERIE-TÍTULO UNIFORME |
| Título uniforme |
Actos culturales en el Ateneo de Madrid |
| 9 (RLIN) |
240237 |
| 852 ## - LOCALIZACIÓN |
| Ubicación |
ES-MaACL |
| Ubicación en estantería |
Depósito Z |
| Designación de la unidad física |
Cinta 1 |
| itemnumber |
205266 |
| 852 ## - LOCALIZACIÓN |
| Ubicación |
ES-MaACL |
| Ubicación en estantería |
Depósito Z |
| Designación de la unidad física |
Cinta 2 |
| itemnumber |
2052567 |
| 852 ## - LOCALIZACIÓN |
| Ubicación en estantería |
Depósito Z |
| Designación de la unidad física |
Cinta 3 |
| itemnumber |
205256 |
| Ubicación |
ES-MaACL |
| 852 ## - LOCALIZACIÓN |
| Ubicación en estantería |
Depósito Z |
| Designación de la unidad física |
Cinta 4 |
| itemnumber |
205257 |
| Ubicación |
ES-MaACL |
| 852 ## - LOCALIZACIÓN |
| Ubicación en estantería |
Depósito Z |
| Designación de la unidad física |
Cinta 5 |
| itemnumber |
205258 |
| Ubicación |
ES-MaACL |
| 852 ## - LOCALIZACIÓN |
| Ubicación en estantería |
Depósito Z |
| Designación de la unidad física |
Cinta 6 |
| itemnumber |
2052569 |
| Ubicación |
ES-MaACL |
| 852 ## - LOCALIZACIÓN |
| Ubicación en estantería |
Depósito Z |
| Designación de la unidad física |
Cinta 7 |
| itemnumber |
205260 |
| Ubicación |
ES-MaACL |
| 852 ## - LOCALIZACIÓN |
| Ubicación en estantería |
Depósito Z |
| Designación de la unidad física |
Cinta 8 |
| itemnumber |
205261 |
| Ubicación |
ES-MaACL |
| 942 ## - ELEMENTOS DE ENTRADA SECUNDARIOS (KOHA) |
| Fuente del sistema de clasificación o colocación |
Clasificación decimal universal |
| Suprimir en OPAC |
No |
| Tipo de ítem Koha |
Casete |